| 000 | 00839nam a22002772a 4500 | ||
|---|---|---|---|
| 001 | 23627 | ||
| 003 | UkOxU | ||
| 005 | 20211209000943.0 | ||
| 008 | 140311t19691951enk 000 0 eng d | ||
| 020 | _a026967117X | ||
| 035 | _aBD-RjUL)23692 | ||
| 040 |
_aTXK _dUKM _dEQO _beng _cBD-RjUL |
||
| 041 | _aeng | ||
| 082 |
_a301.446 _218 _bHAU 1969 |
||
| 090 |
_aDS422.C3 _bH39 1969x |
||
| 100 | 0 |
_aHazari. _972716 |
|
| 245 | 1 | 0 |
_aUntouchable : _bthe autobiography of an Indian outcaste. / _cIntrod. by Beatrice Pitney Lamb |
| 260 |
_aLondon : _bPall Mall Press, _c1969 c1951 |
||
| 300 |
_axvii, 198 p. ; _c22 cm |
||
| 500 | _aFirst published in 1951 under title: I was an outcaste | ||
| 650 | 0 |
_aDalits _972717 |
|
| 651 | 0 |
_aIndia _xSocial life and customs _972718 |
|
| 942 |
_2ddc _cBK |
||
| 999 |
_c23627 _d23627 |
||